Lợi ích của phân tích khoa học luận trong dạy học xác xuất thống kê một phân tích khoa học luận về phân phối chuẩn = Benefits of epistemological analysis of Probability statistics in teaching the concept of normal distribution /
Guardado en:
| Autor principal: | |
|---|---|
| Formato: | Artículo |
| Lenguaje: | Vietnamese |
| Etiquetas: |
Agregar Etiqueta
Sin Etiquetas, Sea el primero en etiquetar este registro!
|
| Thư viện lưu trữ: | Thư viện Trường Đại học Đà Lạt |
|---|
| LEADER | 00920nam a2200217 4500 | ||
|---|---|---|---|
| 001 | DLU140163742 | ||
| 005 | ##20140908 | ||
| 040 | # | # | |a DLU |b vie |
| 041 | # | # | |a vie |
| 044 | # | # | |a vn |
| 100 | # | # | |a Đào Hồng Nam. |
| 245 | # | # | |a Lợi ích của phân tích khoa học luận trong dạy học xác xuất thống kê một phân tích khoa học luận về phân phối chuẩn = |b Benefits of epistemological analysis of Probability statistics in teaching the concept of normal distribution / |c Đào Hồng Nam. |
| 773 | # | # | |t Tạp chí Khoa học Đại học Sư phạm TP. Hồ Chí Minh: Khoa học tự nhiên & công nghệ |g Số 33(67), 2012, tr. 36-48 |
| 920 | # | # | |a Phòng Tạp chí -- Trung tâm Thông tin - Thư viện Trường Đại học Đà Lạt |
| 900 | # | # | |a True |
| 911 | # | # | |a Hoàng Thị Huyền |
| 925 | # | # | |a G |
| 926 | # | # | |a A |
| 927 | # | # | |a BB |
| 980 | # | # | |a Thư viện Trường Đại học Đà Lạt |